| 000 | 00718nam a2200253 i 4500 | ||
|---|---|---|---|
| 001 | C2-0344727 | ||
| 003 | PPAK | ||
| 005 | 20180728145451.0 | ||
| 008 | 180111s2012 ii |||| ||||| | tam d | ||
| 020 | _a97888184021646 | ||
| 040 |
_aPPAK _beng _cPPAK _erda |
||
| 082 | 0 | 4 |
_a299.934 _223 |
| 090 | 0 | 0 |
_a299.934 _bKRI _dG |
| 100 | 1 |
_aKrishnamurti, U.G., _eauthor |
|
| 245 | 1 | 0 | _aManam oru punaikathai |
| 264 | 1 |
_aChennai, India : _bKannadhasan Pathippagam , _c2012 |
|
| 300 |
_a248 pages ; _c22 cm |
||
| 336 |
_2rdacontent _atext |
||
| 337 |
_2rdamedia _aunmediated |
||
| 338 |
_2rdacarrier _avolume |
||
| 500 | _aTranslated from English original title Mind Is A Myth | ||
| 650 | 1 | 0 | _aTheosophy. |
| 942 |
_ddc _cB |
||
| 999 |
_c141293 _d141293 |
||